|
|
|
|
| LEADER |
01024nta a2200217 i 4500 |
| 001 |
dipl72078 |
| 005 |
20231020192816.0 |
| 008 |
180607s2017 hu om 0|| hun d |
| 040 |
|
|
|a SZTE Diploma Repozitórium
|b hun
|
| 041 |
|
|
|a hun
|
| 100 |
1 |
|
|a Szabó Dávid Ferenc
|
| 245 |
1 |
0 |
|a Kétcsatornás digitális jelgenerátor fejlesztése
|h [elektronikus dokumentum] /
|c Dávid Ferenc Szabó
|
| 246 |
1 |
0 |
|a Development of a dual channel digital signal generator
|h [elektronikus dokumentum]
|
| 260 |
|
|
|c 2017
|
| 650 |
|
4 |
|a Természettudományok
|
| 650 |
|
4 |
|a Natural sciences
|
| 650 |
|
4 |
|a Computer and information sciences
|
| 700 |
1 |
|
|a Mingesz Róbert Zoltán
|e ths
|
| 856 |
4 |
0 |
|u https://diploma.bibl.u-szeged.hu/id/eprint/72078/1/2017_Szab%C3%B3_D%C3%A1vid_Ferenc_WYOW2P_SZ.pdf
|z Dokumentum-elérés
|
| 856 |
4 |
0 |
|u https://diploma.bibl.u-szeged.hu/id/eprint/72078/7/2017_szabo_david_ferenc.zip
|z Dokumentum-elérés
|
| 856 |
4 |
0 |
|u https://diploma.bibl.u-szeged.hu/id/eprint/72078/8/2018_szabo_david_ferenc_biralati_lap.pdf
|z Dokumentum-elérés
|